UBT Library

Strategic management : (Record no. 780)

000 -LEADER
fixed length control field 00654nam a22002177a 4500
005 - DATE AND TIME OF LATEST TRANSACTION
control field 20151222070557.0
008 - FIXED-LENGTH DATA ELEMENTS--GENERAL INFORMATION
fixed length control field 111014s2013 nyua b 001 0 eng
020 ## - INTERNATIONAL STANDARD BOOK NUMBER
International Standard Book Number 9780078029295
020 ## - INTERNATIONAL STANDARD BOOK NUMBER
International Standard Book Number 0078029295
041 0# - LANGUAGE CODE
Language code of text/sound track or separate title eng
080 ## - UNIVERSAL DECIMAL CLASSIFICATION NUMBER
Universal Decimal Classification number 338
100 1# - Rafti
Rafti Pearce, John A.
245 10 - TITLE STATEMENT
Title Strategic management :
Statement of responsibility, etc John A. Pearce II, Richard B. Robinson, Jr.
250 ## -
-- 13th ed.
260 ## -
-- New York :
-- McGraw-Hill/Irwin,
-- 2013.
300 ## -
-- 434 f. :
-- me il.;
-- 26 cm.
650 #0 -
-- Organizimi
650 #0 -
-- Strategjia
700 1# -
-- Robinson, Richard B.
-- (Richard Braden),
-- 1947-
942 ## - ADDED ENTRY ELEMENTS (KOHA)
Source of classification or shelving scheme
Item type Books
Holdings
Withdrawn status Lost status Source of classification or shelving scheme Damaged status Not for loan Collection code Permanent location Current location Shelving location Date acquired Total Checkouts Full call number Barcode Date last seen Koha item type Price effective from
          Koleksioni i përgjithshem UBT - Lipjan UBT - Lipjan Koleksioni i përgjithshem 05/15/2015   338 PEA 002-012629 05/15/2015 Books  
          Koleksioni i përgjithshem UBT - Lipjan UBT - Lipjan Koleksioni i përgjithshem 12/22/2015   338 PEA 002-012625 12/22/2015 Books 12/22/2015
          Koleksioni i përgjithshem UBT - Lipjan UBT - Lipjan Koleksioni i përgjithshem 12/22/2015   338 PEA 002-012626 12/22/2015 Books 12/22/2015
          Koleksioni i përgjithshem UBT - Lipjan UBT - Lipjan Koleksioni i përgjithshem 12/22/2015   338 PEA 002-012627 12/22/2015 Books 12/22/2015
          Koleksioni i përgjithshem UBT - Lipjan UBT - Lipjan Koleksioni i përgjithshem 12/22/2015   338 PEA 002-012628 12/22/2015 Books 12/22/2015
          Koleksioni i përgjithshem UBT - Lipjan UBT - Lipjan Koleksioni i përgjithshem 12/22/2015   338 PEA 002-012630 12/22/2015 Books 12/22/2015
          Koleksioni i përgjithshem UBT - Lipjan UBT - Lipjan Koleksioni i përgjithshem 12/22/2015   338 PEA 002-012631 12/22/2015 Books 12/22/2015
          Koleksioni i përgjithshem UBT - Lipjan UBT - Lipjan Koleksioni i përgjithshem 12/22/2015   338 PEA 002-012632 12/22/2015 Books 12/22/2015
          Koleksioni i përgjithshem UBT - Lipjan UBT - Lipjan Koleksioni i përgjithshem 12/22/2015   338 PEA 002-012633 12/22/2015 Books 12/22/2015
          Koleksioni i përgjithshem UBT - Lipjan UBT - Lipjan Koleksioni i përgjithshem 12/22/2015   338 PEA 002-012634 12/22/2015 Books 12/22/2015
          Koleksioni i përgjithshem UBT - Lipjan UBT - Lipjan Koleksioni i përgjithshem 12/22/2015   338 PEA 002-012635 12/22/2015 Books 12/22/2015
          Koleksioni i përgjithshem UBT - Lipjan UBT - Lipjan Koleksioni i përgjithshem 12/22/2015   338 PEA 002-012636 12/22/2015 Books 12/22/2015
          Koleksioni i përgjithshem UBT - Lipjan UBT - Lipjan Koleksioni i përgjithshem 12/22/2015   338 PEA 002-012637 12/22/2015 Books 12/22/2015
          Koleksioni i përgjithshem UBT - Lipjan UBT - Lipjan Koleksioni i përgjithshem 12/22/2015   338 PEA 002-012638 12/22/2015 Books 12/22/2015
          Koleksioni i përgjithshem UBT - Lipjan UBT - Lipjan Koleksioni i përgjithshem 12/22/2015   338 PEA 002-012639 12/22/2015 Books 12/22/2015
          Koleksioni i përgjithshem UBT - Lipjan UBT - Lipjan Koleksioni i përgjithshem 12/22/2015   338 PEA 002-012640 12/22/2015 Books 12/22/2015
          Koleksioni i përgjithshem UBT - Lipjan UBT - Lipjan Koleksioni i përgjithshem 12/22/2015   338 PEA 002-012641 12/22/2015 Books 12/22/2015
          Koleksioni i përgjithshem UBT - Lipjan UBT - Lipjan Koleksioni i përgjithshem 12/22/2015   338 PEA 002-012642 12/22/2015 Books 12/22/2015
          Koleksioni i përgjithshem UBT - Lipjan UBT - Lipjan Koleksioni i përgjithshem 12/22/2015   338 PEA 002-012643 12/22/2015 Books 12/22/2015
          Koleksioni i përgjithshem UBT - Lipjan UBT - Lipjan Koleksioni i përgjithshem 12/22/2015   338 PEA 002-012644 12/22/2015 Books 12/22/2015
          Koleksioni i përgjithshem UBT - Lipjan UBT - Lipjan Koleksioni i përgjithshem 12/22/2015   338 PEA 002-012645 12/22/2015 Books 12/22/2015
          Koleksioni i përgjithshem UBT - Lipjan UBT - Lipjan Koleksioni i përgjithshem 12/22/2015   338 PEA 002-012646 12/22/2015 Books 12/22/2015
          Koleksioni i përgjithshem UBT - Lipjan UBT - Lipjan Koleksioni i përgjithshem 12/22/2015   338 PEA 002-012647 12/22/2015 Books 12/22/2015
          Koleksioni i përgjithshem UBT - Lipjan UBT - Lipjan Koleksioni i përgjithshem 12/22/2015   338 PEA 002-012648 12/22/2015 Books 12/22/2015
          Koleksioni i përgjithshem UBT - Lipjan UBT - Lipjan Koleksioni i përgjithshem 12/22/2015   338 PEA 002-012649 12/22/2015 Books 12/22/2015
          Koleksioni i përgjithshem UBT - Lipjan UBT - Lipjan Koleksioni i përgjithshem 12/22/2015   338 PEA 002-012650 12/22/2015 Books 12/22/2015
          Koleksioni i përgjithshem UBT - Lipjan UBT - Lipjan Koleksioni i përgjithshem 12/22/2015   338 PEA 002-012651 12/22/2015 Books 12/22/2015
          Koleksioni i përgjithshem UBT - Lipjan UBT - Lipjan Koleksioni i përgjithshem 12/22/2015   338 PEA 002-012652 12/22/2015 Books 12/22/2015
          Koleksioni i përgjithshem UBT - Lipjan UBT - Lipjan Koleksioni i përgjithshem 12/22/2015   338 PEA 002-012653 12/22/2015 Books 12/22/2015
          Koleksioni i përgjithshem UBT - Lipjan UBT - Lipjan Koleksioni i përgjithshem 12/22/2015   338 PEA 002-012654 12/22/2015 Books 12/22/2015
          Koleksioni i përgjithshem UBT - Lipjan UBT - Lipjan Koleksioni i përgjithshem 12/22/2015   338 PEA 002-012655 12/22/2015 Books 12/22/2015
          Koleksioni i përgjithshem UBT - Lipjan UBT - Lipjan Koleksioni i përgjithshem 12/22/2015   338 PEA 002-012656 12/22/2015 Books 12/22/2015
          Koleksioni i përgjithshem UBT - Lipjan UBT - Lipjan Koleksioni i përgjithshem 12/22/2015   338 PEA 002-012657 12/22/2015 Books 12/22/2015
          Koleksioni i përgjithshem UBT - Lipjan UBT - Lipjan Koleksioni i përgjithshem 12/22/2015   338 PEA 002-012658 12/22/2015 Books 12/22/2015
          Koleksioni i përgjithshem UBT - Lipjan UBT - Lipjan Koleksioni i përgjithshem 12/22/2015   338 PEA 002-012659 12/22/2015 Books 12/22/2015
          Koleksioni i përgjithshem UBT - Lipjan UBT - Lipjan Koleksioni i përgjithshem 12/22/2015   338 PEA 002-012660 12/22/2015 Books 12/22/2015
          Koleksioni i përgjithshem UBT - Lipjan UBT - Lipjan Koleksioni i përgjithshem 12/22/2015   338 PEA 002-012661 12/22/2015 Books 12/22/2015
          Koleksioni i përgjithshem UBT - Lipjan UBT - Lipjan Koleksioni i përgjithshem 12/22/2015   338 PEA 002-012662 12/22/2015 Books 12/22/2015
          Koleksioni i përgjithshem UBT - Lipjan UBT - Lipjan Koleksioni i përgjithshem 12/22/2015   338 PEA 002-012663 12/22/2015 Books 12/22/2015
          Koleksioni i përgjithshem UBT - Lipjan UBT - Lipjan Koleksioni i përgjithshem 12/22/2015   338 PEA 002-012664 12/22/2015 Books 12/22/2015
UBT Library © 2015-2024. All rights reserved University Education for Business and Technology